000 00594cam a22001814a 4500
005 20250605164348.0
008 250528s ||||||||||||||||||||||||d
035 _a24038
040 _aGR-AtMCL
_bgre
_dGR-AtMCL
_eAACR2
245 1 _aPrepare for the Unpredictable
260 _bInternational Airport Review,
_c2020
300 _a48
520 _aDiscover the Four P's of Airport Dimensions, Be Not the Best Airport in the World but for the World, Virtual Roundtable Predicts 2020 Trends.
700 1 _aBylinsky Marina
_99367
942 _cCR
999 _c8939
_d8939